NBA Teams Dennis Schröder Has Played For - Statistics

General Stats
  • This quiz has been taken 56 times
  • The average score is 10 of 12
Answer Stats
Year(s) Team % Correct
2020-2021 Los Angeles Lakers
98%
2022-2023 Los Angeles Lakers
98%
2026-Present Cleveland Cavaliers
94%
2013-2018 Atlanta Hawks
92%
2024-2025 Golden State Warriors
87%
2025-2026 Sacramento Kings
87%
2021-2022 Boston Celtics
85%
2025 Detroit Pistons
85%
2024 Brooklyn Nets
83%
2018-2020 Oklahoma City Thunder
75%
2022 Houston Rockets
72%
2023-2024 Toronto Raptors
72%
No matching quizzes found
Score Distribution
Percent of People with Each Score
Percentile by Number Answered
Your Score History
You have not taken this quiz